[Event "Coupe Federation"]
[Site "?"]
[Date "2001.12.16"]
[Round "1.1"]
[White "Roncin, Cesar"]
[Black "Vier, Serge"]
[Result "1/2-1/2"]
[WhiteElo "1600"]
[BlackElo "1670"]
[PlyCount "61"]
[EventDate "2002.??.??"]

1. e4 e6 2. d4 d5 3. Nc3 dxe4 4. Nxe4 Bd7 5. Nf3 Bc6 6. Bd3 Nd7 7. c3 Ngf6 8.
Nxf6+ Nxf6 9. Bg5 Be7 10. O-O Bxf3 11. Qxf3 c6 12. Rfe1 O-O 13. Bxf6 Bxf6 14.
Qe4 g6 15. g3 Qd5 16. Qxd5 exd5 17. Re2 Rfe8 18. Rae1 Kf8 19. Kg2 Rxe2 20. Rxe2
Re8 21. Rxe8+ Kxe8 22. f4 Ke7 23. Kf3 Kd6 24. b4 a5 25. bxa5 Bd8 26. a6 bxa6
27. c4 a5 28. c5+ Ke6 29. a4 Bf6 30. Ke3 h6 31. h4 1/2-1/2

[Event "Coupe Federation"]
[Site "?"]
[Date "2001.12.16"]
[Round "1.2"]
[White "Mottet, Bertrand"]
[Black "Chabas, Jean-Luc"]
[Result "0-1"]
[WhiteElo "1570"]
[BlackElo "1540"]
[PlyCount "86"]
[EventDate "2002.??.??"]

1. c4 c5 2. Nc3 b6 3. Nf3 Nf6 4. e4 d6 5. d4 cxd4 6. Nxd4 Bb7 7. Bd3 e6 8. Bg5
Be7 9. O-O Nc6 10. Nde2 O-O 11. f4 Rc8 12. a3 Nd7 13. Bxe7 Qxe7 14. Ng3 Rfe8
15. Qg4 Nc5 16. Bb1 Qf8 17. Nh5 Kh8 18. f5 Ne5 19. Qg3 Nb3 20. f6 g6 21. Ng7
Red8 22. Ra2 Nd2 23. Rf4 Nxb1 24. Nxb1 Rxc4 25. Nc3 Nc6 26. h4 Nd4 27. Kh2 Rdc8
28. h5 Rxc3 29. bxc3 Nb5 30. hxg6 Rxc3 31. Nxe6 Rxg3 32. g7+ Rxg7 33. fxg7+
Qxg7 34. Nxg7 Kxg7 35. Raf2 Bc6 36. Rxf7+ Kg6 37. R7f6+ Kg7 38. e5 Be8 39. exd6
Nd4 40. R6f4 Nc6 41. Rc2 Ne5 42. Rc7+ Kg6 43. Re4 43... Kf5 {
Les Noirs gagnent au temps !} 0-1

[Event "Coupe Federation"]
[Site "?"]
[Date "2001.12.16"]
[Round "1.3"]
[White "Doran, Niall"]
[Black "Bruyas, Benjamin"]
[Result "1-0"]
[WhiteElo "1499"]
[BlackElo "1100"]
[PlyCount "45"]
[EventDate "2002.??.??"]

1. e4 e5 2. Nf3 Nc6 3. Nc3 Bc5 4. Bb5 Nf6 5. d3 d6 6. Bg5 a6 7. Ba4 O-O 8. Nd5
Bg4 9. Qd2 Bxf3 10. gxf3 Nd4 11. Qd1 c6 12. Nxf6+ gxf6 13. Bh6 Re8 14. Rg1+ Kh8
15. Bg7+ Kg8 16. Bxf6+ Kf8 17. Bxd8 Raxd8 18. c3 Ne6 19. Qd2 b5 20. Bb3 d5 21.
exd5 cxd5 22. O-O-O d4 23. Bxe6 1-0

[Event "Coupe Federation"]
[Site "?"]
[Date "2001.12.16"]
[Round "1.4"]
[White "Barthelemy, Jerome"]
[Black "Pareux, Marc"]
[Result "0-1"]
[WhiteElo "1460"]
[BlackElo "1580"]
[PlyCount "63"]
[EventDate "2002.??.??"]

1. c4 g6 2. Nc3 Bg7 3. Nf3 e5 4. g3 Nc6 5. Bg2 d6 6. O-O f5 7. d3 Nf6 8. Bg5
Ne7 9. d4 e4 10. Ne1 c6 11. f3 d5 12. c5 O-O 13. fxe4 dxe4 14. Nc2 Re8 15. Na3
Ng4 16. Nc2 Be6 17. h3 Nf6 18. Bf4 Nh5 19. Be5 Bxe5 20. dxe5 Qc7 21. Qe1 Qxe5
22. Kh2 Qxc5 23. Rd1 Rad8 24. e3 Bc4 25. Rg1 Bd3 26. Rc1 Qe5 27. Bf1 a6 28.
Bxd3 Rxd3 29. Rd1 Red8 30. Rxd3 exd3 31. Qd2 c5 32. Ne1 0-1

[Event "Coupe Federation"]
[Site "?"]
[Date "2001.12.16"]
[Round "1.5"]
[White "Djouder, Larbi"]
[Black "Rengame, Mohane"]
[Result "1-0"]
[WhiteElo "1460"]
[BlackElo "1500"]
[PlyCount "119"]
[EventDate "2002.??.??"]

1. e4 e5 2. Nf3 Nc6 3. Bc4 Bc5 4. Nc3 Nf6 5. O-O a6 6. d3 h6 7. Be3 Ba7 8. Bxa7
Rxa7 9. a3 d6 10. h3 O-O 11. Qd2 b5 12. Ba2 Ne7 13. Rfe1 Ng6 14. Ne2 Qd7 15.
Ng3 Nf4 16. d4 Qe7 17. Rad1 Kh7 18. dxe5 dxe5 19. c3 g6 20. Bb1 Be6 21. Nxe5
Nxh3+ 22. gxh3 Qe8 23. Kg2 Bxh3+ 24. Kxh3 Qxe5 25. Qd4 Qxd4 26. Rxd4 c5 27. Rd6
Kg7 28. Red1 Raa8 29. e5 Nh7 30. Kg2 Ng5 31. Ne4 Ne6 32. Ba2 c4 33. b3 Rfc8 34.
bxc4 bxc4 35. Kg3 g5 36. Nd2 Nf4 37. Kf3 Nd3 38. Nxc4 Rxc4 39. Bxc4 Nxe5+ 40.
Kg2 Nxc4 41. Rd8 Ra7 42. R1d7 Rxd7 43. Rxd7 Nxa3 44. Ra7 Nb1 45. c4 Na3 46. c5
Nb5 47. Rxa6 Nc7 48. Ra7 Nb5 49. Rd7 Kf8 50. c6 Ke8 51. Rb7 Nd6 52. Ra7 Nc8 53.
Rc7 Ne7 54. Rd7 f5 55. Rd6 h5 56. Re6 Kf7 57. Rh6 h4 58. Rh7+ Ke6 59. c7 Kd7
60. Rxe7+ 1-0

[Event "Coupe Federation"]
[Site "?"]
[Date "2001.12.16"]
[Round "1.6"]
[White "Carteron, Olivier"]
[Black "Boulade, Franck"]
[Result "1-0"]
[WhiteElo "1450"]
[BlackElo "1280"]
[PlyCount "37"]
[EventDate "2002.??.??"]

1. Nf3 Nf6 2. d4 b6 3. Bf4 Bb7 4. e3 d6 5. Bd3 Nbd7 6. O-O h6 7. Re1 g5 8. Bg3
Bg7 9. e4 Nh5 10. c3 Nxg3 11. fxg3 e5 12. Rf1 c5 13. dxe5 Nxe5 14. Nxe5 Bxe5
15. Bb5+ Ke7 16. Qh5 Qf8 17. Nd2 a6 18. Bc4 Bf6 19. Rxf6 1-0

[Event "Coupe Federation"]
[Site "?"]
[Date "2001.12.16"]
[Round "1.7"]
[White "Vinot, Raoul"]
[Black "Valet, Godeffroy"]
[Result "0-1"]
[WhiteElo "1440"]
[BlackElo "1570"]
[PlyCount "54"]
[EventDate "2002.??.??"]

1. d4 d5 2. c4 c6 3. Nc3 Nf6 4. Bg5 Nbd7 5. Nf3 h6 6. Bh4 Ne4 7. Qc2 f5 8. cxd5
cxd5 9. Nxd5 Qa5+ 10. Nc3 g5 11. Bg3 Nxc3 12. bxc3 f4 13. e4 fxg3 14. hxg3 Bg7
15. Qd2 Nc5 16. Qc2 Nxe4 17. Bd3 Qxc3+ 18. Qxc3 Nxc3 19. O-O Bg4 20. Rfe1 Bxf3
21. gxf3 Bxd4 22. Rac1 e5 23. f4 gxf4 24. gxf4 O-O 25. Rxe5 Bxe5 26. fxe5 Rac8
27. e6 Ne2+ 0-1

[Event "Coupe Federation"]
[Site "?"]
[Date "2001.12.16"]
[Round "1.8"]
[White "Campoy, Jean"]
[Black "Simon, Joel"]
[Result "0-1"]
[WhiteElo "1500"]
[BlackElo "1610"]
[PlyCount "74"]
[EventDate "2002.??.??"]

1. e4 d6 2. Nc3 Nf6 3. Nf3 g6 4. d3 Bg7 5. Bd2 c5 6. Be2 O-O 7. O-O a6 8. Rb1
b5 9. a3 Nc6 10. Nd5 Nxd5 11. exd5 Ne5 12. Nxe5 Bxe5 13. f4 Bg7 14. c4 Bf5 15.
Be3 bxc4 16. dxc4 Bxb1 17. Qxb1 Rb8 18. b4 Qb6 19. Bd3 f5 20. a4 Qxb4 21. Qxb4
Rxb4 22. Rb1 Rfb8 23. Rxb4 Rxb4 24. Kf2 Rxa4 25. h3 a5 26. g4 fxg4 27. hxg4 Bd4
28. Bxd4 cxd4 29. Kf3 Ra1 30. Ke4 a4 31. Kxd4 a3 32. Kc3 a2 33. Kb2 Rd1 34.
Kxa2 Rxd3 35. Kb2 Kg7 36. Kc2 Rg3 37. f5 Rxg4 0-1

[Event "Coupe Federation"]
[Site "?"]
[Date "2001.12.16"]
[Round "1.9"]
[White "Mialon, Franck"]
[Black "Pinte, Damien"]
[Result "0-1"]
[WhiteElo "1180"]
[BlackElo "1220"]
[PlyCount "46"]
[EventDate "2002.??.??"]

1. e4 c5 2. Bc4 d6 3. Nf3 Nd7 4. Ng5 e6 5. h4 Ne5 6. d4 Nxc4 7. Qf3 Nf6 8. e5
dxe5 9. O-O Qxd4 10. Rd1 Qxh4 11. Nh3 a6 12. Na3 Nxa3 13. Qxa3 Be7 14. Bd2 e4
15. Bc3 O-O 16. Re1 Rd8 17. Bxf6 Bxf6 18. b4 cxb4 19. Qxb4 Bxa1 20. Rxe4 Rd1+
21. Kh2 Qh5 22. Rh4 Qe5+ 23. g3 Qe1 0-1

[Event "Coupe Federation"]
[Site "?"]
[Date "2001.??.16"]
[Round "2.1"]
[White "Chabas, Jean-Luc"]
[Black "Doran, Niall"]
[Result "1-0"]
[WhiteElo "1540"]
[BlackElo "1499"]
[PlyCount "73"]
[EventDate "2002.??.??"]

1. e4 e5 2. Nf3 Nc6 3. Bb5 Nf6 4. O-O Bc5 5. c3 d6 6. h3 Nxe4 7. d4 Bb6 8. d5
Nxf2 9. Rxf2 Bxf2+ 10. Kxf2 O-O 11. dxc6 bxc6 12. Bxc6 Rb8 13. b3 Bd7 14. Qd5
h6 15. Be3 Bxc6 16. Qxc6 a5 17. c4 Re8 18. Nc3 Qf6 19. Nd5 Qf5 20. Kg1 e4 21.
Nd4 Qg6 22. Qxc7 Rbd8 23. Ne7+ Rxe7 24. Qxe7 Rf8 25. Rf1 Qg3 26. Bf4 Qd3 27.
Nc6 Kh7 28. Qxf8 e3 29. Qxd6 Qe4 30. Re1 e2 31. Qe5 Qxc6 32. Rxe2 Qb6+ 33. Kh2
f6 34. Qf5+ Kg8 35. Qe6+ Qxe6 36. Rxe6 Kf7 37. Ra6 1-0

[Event "Coupe Federation"]
[Site "?"]
[Date "2001.12.16"]
[Round "2.2"]
[White "Vier, Serge"]
[Black "Mottet, Bertrand"]
[Result "1-0"]
[WhiteElo "1670"]
[BlackElo "1570"]
[PlyCount "47"]
[EventDate "2002.??.??"]

1. d4 d5 2. c4 c5 3. dxc5 d4 4. Nf3 Qa5+ 5. Qd2 Qxc5 6. Qxd4 e6 7. Qxc5 Bxc5 8.
e3 Nf6 9. Nc3 Nc6 10. Be2 Nb4 11. O-O O-O 12. a3 Nc6 13. b4 Be7 14. Bb2 a6 15.
Rfd1 b6 16. Na4 Rb8 17. Nc3 Bb7 18. Rd2 Rfd8 19. Rad1 Rxd2 20. Rxd2 Rd8 21.
Rxd8+ Nxd8 22. Na4 b5 23. cxb5 axb5 24. Nc3 1-0

[Event "Coupe Federation"]
[Site "?"]
[Date "2001.12.16"]
[Round "2.3"]
[White "Rengame, Mohane"]
[Black "Roncin, Cesar"]
[Result "1-0"]
[WhiteElo "1500"]
[BlackElo "1600"]
[PlyCount "75"]
[EventDate "2002.??.??"]

1. d4 Nf6 2. c4 g6 3. Nc3 Bg7 4. e4 d6 5. Nge2 O-O 6. g3 c5 7. d5 Na6 8. Bg2 e6
9. O-O Nc7 10. Nf4 exd5 11. cxd5 a6 12. Re1 Re8 13. Bf3 b5 14. a3 Nd7 15. Nd3
c4 16. Nb4 Ne5 17. Bg2 Bb7 18. Nc2 Nd3 19. Rf1 Re7 20. Rb1 Ne8 21. Ne1 Nc5 22.
Qc2 Nf6 23. Be3 Nb3 24. Rd1 Nd7 25. h3 Qe8 26. Nf3 Bxc3 27. bxc3 Rxe4 28. Nd2
Nxd2 29. Rxd2 Qe7 30. Bxe4 Nf6 31. Bg2 Qe5 32. Rfd1 Re8 33. Bd4 Qe7 34. Kf1
Nxd5 35. Re2 Qd7 36. Rde1 Rxe2 37. Qxe2 h5 38. Qe8+ 1-0

[Event "Coupe Federation"]
[Site "?"]
[Date "2001.12.16"]
[Round "2.4"]
[White "Pareux, Marc"]
[Black "Djouder, Larbi"]
[Result "0-1"]
[WhiteElo "1580"]
[BlackElo "1499"]
[PlyCount "26"]
[EventDate "2002.??.??"]

1. d4 d5 2. e4 dxe4 3. Nc3 Nf6 4. f3 e6 5. fxe4 Bb4 6. e5 Ne4 7. Qg4 Nxc3 8.
Qxg7 Qh4+ 9. g3 Qe4+ 10. Kd2 Qxd4+ 11. Bd3 Rf8 12. Nf3 Qf2+ 13. Be2 Qxe2# 0-1

[Event "Coupe Federation"]
[Site "?"]
[Date "2001.12.16"]
[Round "2.5"]
[White "Bruyas, Benjamin"]
[Black "Barthelemy, Jerome"]
[Result "0-1"]
[WhiteElo "1100"]
[BlackElo "1460"]
[PlyCount "88"]
[EventDate "2002.??.??"]

1. Nf3 d5 2. c4 e6 3. b3 Nf6 4. g3 Be7 5. Bg2 O-O 6. O-O Nbd7 7. d3 c6 8. Bb2
Qc7 9. Na3 Bd6 10. Rc1 Ne5 11. Qd2 Nxf3+ 12. Bxf3 Be5 13. e3 Rd8 14. d4 Bd6 15.
c5 Be7 16. Rfe1 Nd7 17. Bc3 Qb8 18. Ba5 b6 19. cxb6 axb6 20. Bb4 c5 21. dxc5
bxc5 22. Ba5 Rf8 23. Rb1 Qa7 24. b4 cxb4 25. Bxb4 Bxb4 26. Qxb4 Qxa3 27. Qxa3
Rxa3 28. Rb2 Ne5 29. Be2 Ba6 30. Bxa6 Rxa6 31. Ra1 Ra3 32. Rb4 g6 33. Rb6 Rfa8
34. Rb2 Nd3 35. Re2 Nb4 36. Rb2 Nxa2 37. Rbb1 Nc3 38. Rxa3 Rxa3 39. Rb8+ Kg7
40. Rb6 Ra2 41. Rc6 Ne4 42. f3 Ng5 43. f4 Nf3+ 44. Kh1 Rxh2# 0-1

[Event "Coupe Federation"]
[Site "?"]
[Date "2001.12.16"]
[Round "2.6"]
[White "Valet, Godeffroy"]
[Black "Carteron, Olivier"]
[Result "0-1"]
[WhiteElo "1570"]
[BlackElo "1450"]
[PlyCount "72"]
[EventDate "2002.??.??"]

1. e4 e6 2. d4 d5 3. exd5 exd5 4. Bd3 Bd6 5. Nf3 Bg4 6. O-O Nf6 7. Bg5 O-O 8.
Nbd2 Nbd7 9. c3 c6 10. Qc2 Qc7 11. Rfe1 Rfe8 12. h3 Bh5 13. Nh4 Bf4 14. Bxf4
Qxf4 15. g3 Qc7 16. g4 Qf4 17. Ng2 Qh6 18. gxh5 Qxh5 19. Bf5 Nb6 20. h4 g6 21.
Bh3 g5 22. hxg5 Qxg5 23. Kh2 Qh5 24. Nf4 Qh4 25. Ng2 Ng4+ 26. Kg1 Qxh3 27. Nf1
Nc4 28. Nf4 Qf3 29. Ng2 Re6 30. Rxe6 fxe6 31. Re1 Rf8 32. Re2 Rf5 33. Nh4 Qf4
34. Nxf5 exf5 35. b3 Nd6 36. Qd2 36... Qxd2 {
...et les Noirs finissent par gagner !} 0-1

[Event "Coupe Federation"]
[Site "?"]
[Date "2001.12.16"]
[Round "2.7"]
[White "Boulade, Franck"]
[Black "Campoy, Jean"]
[Result "0-1"]
[WhiteElo "1280"]
[BlackElo "1500"]
[PlyCount "90"]
[EventDate "2002.??.??"]

1. c4 Nf6 2. Nc3 d5 3. cxd5 Nxd5 4. Nxd5 Qxd5 5. Nf3 Nc6 6. d3 Bg4 7. e4 Qd8 8.
Be2 e6 9. O-O Be7 10. h3 Bxf3 11. Bxf3 O-O 12. Be3 Bf6 13. Bc5 Re8 14. Rb1 Bd4
15. b4 e5 16. Bg4 b6 17. Qa4 Bxc5 18. Qxc6 Bd4 19. Rbc1 Re7 20. a3 a6 21. Kh2
g6 22. Be2 Ra7 23. Rc2 Re6 24. Qc4 b5 25. Qa2 Rf6 26. Bg4 h5 27. Bd1 c6 28. a4
Rc7 29. f3 Qd6 30. axb5 cxb5 31. Rxc7 Qxc7 32. Qd5 Be3 33. Bb3 Bg5 34. Ra1 Rd6
35. Qxe5 Bf6 36. Qe8+ Kg7 37. e5 Rxd3 38. Qxf7+ Qxf7 39. Bxf7 Bxe5+ 40. g3 Kxf7
41. f4 Bc3 42. Rxa6 Bxb4 43. Ra7+ Ke6 44. Ra6+ Bd6 45. Rb6 b4 0-1

[Event "Coupe Federation"]
[Site "?"]
[Date "2001.12.16"]
[Round "2.8"]
[White "Pinte, Damien"]
[Black "Vinot, Raoul"]
[Result "1/2-1/2"]
[WhiteElo "1220"]
[BlackElo "1440"]
[PlyCount "60"]
[EventDate "2002.??.??"]

1. d4 d5 2. c4 c6 3. Nf3 Nf6 4. Nc3 Bf5 5. e3 Nbd7 6. cxd5 cxd5 7. Bb5 a6 8.
Bxd7+ Bxd7 9. Qb3 Bc6 10. O-O e6 11. Ne5 Bd6 12. Nxc6 bxc6 13. Qc2 Ng4 14. h3
Qh4 15. f4 Nf6 16. Qa4 Kd7 17. Bd2 Rhg8 18. Rac1 Rgc8 19. Rc2 g5 20. Rfc1 Ke7
21. Be1 Qh6 22. Ne2 c5 23. dxc5 Bc7 24. Nd4 gxf4 25. Nc6+ Kf8 26. Bc3 f3 27.
gxf3 Qxe3+ 28. Kg2 Qg5+ 29. Qg4 Nxg4 30. fxg4 Bf4 1/2-1/2

[Event "Coupe Federation"]
[Site "?"]
[Date "2001.12.16"]
[Round "2.9"]
[White "Simon, Joel"]
[Black "Farge, Damien"]
[Result "1-0"]
[WhiteElo "1610"]
[BlackElo "1299"]
[PlyCount "91"]
[EventDate "2002.??.??"]

1. d4 d5 2. e4 Nc6 3. Bb5 e6 4. Bxc6+ bxc6 5. Nc3 Bb4 6. Bd2 Ne7 7. a3 Bxc3 8.
Bxc3 Ba6 9. e5 Nf5 10. Ne2 Qg5 11. g3 Qg4 12. Qd2 Qf3 13. Rf1 Qg2 14. O-O-O
Bxe2 15. Qxe2 Qe4 16. Qxe4 dxe4 17. g4 Nh4 18. Rfe1 Nf3 19. Rxe4 Nxh2 20. Rh1
Nf3 21. Re3 Ng5 22. f4 f6 23. fxg5 fxg5 24. Bb4 g6 25. Rf1 O-O-O 26. c3 h5 27.
Ref3 h4 28. Be7 Rde8 29. Bxg5 h3 30. Rh1 h2 31. Bf4 Ref8 32. Rf2 Rh4 33. Be3
Rxf2 34. Bxf2 Rh3 35. Kd2 Kd7 36. Ke2 c5 37. Kf1 cxd4 38. Bxd4 Rf3+ 39. Kg2 Rf4
40. Rxh2 Rxg4+ 41. Kf3 Rg5 42. Rg2 Rf5+ 43. Ke4 g5 44. Bxa7 Rf4+ 45. Ke3 Rf5
46. Bd4 1-0

[Event "Coupe Federation"]
[Site "?"]
[Date "2001.12.16"]
[Round "2.10"]
[White "Conesa, Antoine"]
[Black "Mialon, Franck"]
[Result "0-1"]
[WhiteElo "1420"]
[BlackElo "1180"]
[PlyCount "70"]
[EventDate "2002.??.??"]

1. e4 e5 2. Nf3 Nc6 3. a3 Bc5 4. b4 Bb6 5. c3 Nf6 6. Qc2 Ng4 7. d4 exd4 8. h3
d3 9. Qb3 Nxf2 10. c4 Nd4 11. Nxd4 Bxd4 12. Bb2 d2+ 13. Nxd2 Qh4 14. g3 Qf6 15.
Bxd4 Qxd4 16. Rb1 Nxh1 17. Qf3 O-O 18. Qxh1 f5 19. Rd1 fxe4 20. Nxe4 Qb2 21.
Be2 Qxa3 22. b5 c6 23. Ng5 Qc3+ 24. Rd2 Qc1+ 25. Bd1 Re8+ 26. Ne4 d5 27. cxd5
cxd5 28. Rxd5 Qe3+ 29. Kf1 Be6 30. Re5 Rad8 31. Nf6+ gxf6 32. Rxe3 Rxd1+ 33.
Re1 Bc4+ 34. Kf2 Rd2+ 35. Kg1 Rxe1# 0-1

[Event "Coupe Federation"]
[Site "?"]
[Date "2001.12.16"]
[Round "3.1"]
[White "Roncin, Cesar"]
[Black "Chabas, Jean-Luc"]
[Result "1-0"]
[WhiteElo "1600"]
[BlackElo "1540"]
[PlyCount "63"]
[EventDate "2002.??.??"]

1. e4 c6 2. d4 d5 3. exd5 cxd5 4. Nf3 Bf5 5. Bd3 Bxd3 6. Qxd3 Nf6 7. O-O e6 8.
Bg5 Nbd7 9. Ne5 Be7 10. Qb5 Rb8 11. c3 a6 12. Qe2 b5 13. Nc6 Qc8 14. Nxb8 Qxb8
15. Nd2 O-O 16. Nf3 Qb7 17. Ne5 Nb6 18. b3 Nc8 19. Rab1 Nd6 20. f3 Rc8 21. Rfc1
h6 22. Bh4 Nf5 23. Bf2 Nd6 24. c4 dxc4 25. bxc4 Nfe8 26. c5 f6 27. cxd6 Bxd6
28. Rxc8 Qxc8 29. Nd3 Qd7 30. Re1 Nc7 31. Nc5 Kf7 32. Nxd7 1-0

[Event "Coupe Federation"]
[Site "?"]
[Date "2001.12.16"]
[Round "3.2"]
[White "Mottet, Bertrand"]
[Black "Doran, Niall"]
[Result "0-1"]
[WhiteElo "1570"]
[BlackElo "1499"]
[PlyCount "36"]
[EventDate "2002.??.??"]

1. c4 e5 2. Nc3 Nc6 3. g3 Nf6 4. Bg2 Bc5 5. Nf3 O-O 6. O-O d6 7. d3 Bg4 8. Bg5
Be6 9. a3 a5 10. Na4 b6 11. b4 Bd4 12. Nxd4 Nxd4 13. Bxa8 Qxa8 14. Bxf6 Bh3 15.
e4 Bxf1 16. Qg4 g6 17. Rxf1 h5 18. Qg5 Nf3+ 0-1

[Event "Coupe Federation"]
[Site "?"]
[Date "2001.12.16"]
[Round "3.3"]
[White "Vier, Serge"]
[Black "Djouder, Larbi"]
[Result "1/2-1/2"]
[WhiteElo "1670"]
[BlackElo "1499"]
[PlyCount "63"]
[EventDate "2002.??.??"]

1. d4 d5 2. c4 dxc4 3. Nf3 Nf6 4. e3 Bg4 5. Bxc4 e6 6. O-O Bd6 7. Nc3 O-O 8. e4
Nc6 9. e5 Bxf3 10. gxf3 Bxe5 11. dxe5 Nxe5 12. Be2 Qe7 13. Qb3 Rfd8 14. Bg5 h6
15. Bh4 g5 16. Bg3 Ng6 17. Rad1 h5 18. h3 h4 19. Bh2 Nh5 20. Rxd8+ Rxd8 21. Rd1
Nhf4 22. Bxf4 Nxf4 23. Kh2 Rxd1 24. Qxd1 Qc5 25. Qc1 Qe5 26. Kh1 Nxe2 27. Nxe2
Qxe2 28. Qxg5+ Kf8 29. Qd8+ Kg7 30. Qg5+ Kf8 31. Qd8+ Kg7 32. Qg5+ 1/2-1/2

[Event "Coupe Federation"]
[Site "?"]
[Date "2001.12.16"]
[Round "3.4"]
[White "Barthelemy, Jerome"]
[Black "Rengame, Mohane"]
[Result "0-1"]
[WhiteElo "1460"]
[BlackElo "1500"]
[PlyCount "82"]
[EventDate "2002.??.??"]

1. c4 c5 2. Nf3 Nf6 3. Nc3 Nc6 4. d4 e6 5. d5 exd5 6. cxd5 Nb4 7. e4 d6 8. Bb5+
Bd7 9. Bxd7+ Nxd7 10. O-O Be7 11. Bf4 f6 12. a3 Na6 13. Qa4 O-O 14. Nb5 Ne5 15.
Nxe5 fxe5 16. Bg3 Qd7 17. Qb3 Rf7 18. f4 exf4 19. Bxf4 b6 20. e5 dxe5 21. Bxe5
Raf8 22. d6 Bg5 23. Rxf7 Rxf7 24. Rf1 Nb8 25. Rxf7 Qxf7 26. Qxf7+ Kxf7 27. Nxa7
Nd7 28. Bg3 Be3+ 29. Bf2 Bc1 30. b4 Bxa3 31. bxc5 bxc5 32. Nb5 Bb4 33. g4 c4
34. Bd4 g6 35. Kf2 Ke6 36. Ke3 Kd5 37. Nc3+ Kxd6 38. Ke4 Bxc3 39. Bxc3 Nc5+ 40.
Kf4 Ke6 41. Kg5 Ne4+ 0-1

[Event "Coupe Federation"]
[Site "?"]
[Date "2001.12.16"]
[Round "3.5"]
[White "Bruyas, Benjamin"]
[Black "Pareux, Marc"]
[Result "1-0"]
[WhiteElo "1100"]
[BlackElo "1580"]
[PlyCount "89"]
[EventDate "2002.??.??"]

1. e4 g6 2. c3 Bg7 3. d4 c6 4. Nf3 d5 5. e5 f6 6. Bf4 Nd7 7. Bd3 Nf8 8. O-O Nh6
9. h3 Ne6 10. Bg3 O-O 11. c4 Nf7 12. Nc3 f5 13. cxd5 cxd5 14. Qb3 Nc7 15. Rfe1
e6 16. Bh4 g5 17. Bg3 a6 18. Rac1 b5 19. a4 Bd7 20. axb5 Bxb5 21. Nxb5 Nxb5 22.
Bxb5 Rb8 23. Rc5 Qb6 24. Rc6 Qxb5 25. Qxb5 Rxb5 26. Rb1 Nd8 27. Rxa6 h6 28. b4
Re8 29. Ra5 Rxa5 30. bxa5 Nc6 31. a6 Ra8 32. Rb6 f4 33. Bh2 Rc8 34. g3 Rc7 35.
gxf4 Bf8 36. fxg5 hxg5 37. Nxg5 Nxd4 38. Nxe6 Nxe6 39. Rxe6 d4 40. Rg6+ Kf7 41.
e6+ Kxg6 42. Bxc7 Bc5 43. e7 Kf7 44. Bd8 d3 45. Kf1 1-0

[Event "Coupe Federation"]
[Site "?"]
[Date "2001.12.16"]
[Round "3.6"]
[White "Campoy, Jean"]
[Black "Vinot, Raoul"]
[Result "1-0"]
[WhiteElo "1500"]
[BlackElo "1440"]
[PlyCount "57"]
[EventDate "2002.??.??"]

1. e4 e5 2. Nc3 Nf6 3. Nf3 Nc6 4. d3 d6 5. Be2 Be7 6. Bg5 O-O 7. O-O h6 8. Bxf6
Bxf6 9. Nd5 Be6 10. c4 Nd4 11. Nxd4 exd4 12. Bg4 c6 13. Nxf6+ Qxf6 14. Qf3 Qxf3
15. Bxf3 f5 16. exf5 Bxf5 17. Be4 Be6 18. Rfe1 Rf6 19. g3 Raf8 20. f4 Bf5 21.
Bxf5 Rxf5 22. Re7 Rb8 23. Rae1 Kf8 24. b4 Rf7 25. R7e4 c5 26. b5 a5 27. bxa6
bxa6 28. Re6 Rb6 29. Re8# 1-0

[Event "Coupe Federation"]
[Site "?"]
[Date "2001.12.16"]
[Round "3.7"]
[White "Boulade, Franck"]
[Black "Valet, Godeffroy"]
[Result "0-1"]
[WhiteElo "1280"]
[BlackElo "1570"]
[PlyCount "34"]
[EventDate "2002.??.??"]

1. c4 e5 2. Nc3 Nf6 3. g3 c6 4. Bg2 d5 5. cxd5 cxd5 6. d4 e4 7. Bg5 Be6 8. f3
exf3 9. Bxf3 Bb4 10. a3 Bxc3+ 11. bxc3 Nbd7 12. Qb3 Qc7 13. Bf4 Qc6 14. e3 O-O
15. h3 Ne4 16. Ne2 g5 17. Be5 f6 0-1

[Event "Coupe Federation"]
[Site "?"]
[Date "2001.12.16"]
[Round "3.8"]
[White "Carteron, Olivier"]
[Black "Conesa, Antoine"]
[Result "0-1"]
[WhiteElo "1450"]
[BlackElo "1420"]
[PlyCount "36"]
[EventDate "2002.??.??"]

1. Nf3 c5 2. c3 e6 3. d4 c4 4. e4 d5 5. e5 Be7 6. h4 h6 7. Be3 Nd7 8. b3 b5 9.
bxc4 bxc4 10. Qa4 Qb6 11. Nbd2 Qb2 12. Rb1 Qxc3 13. Be2 Qa3 14. Qc6 c3 15. Qxa8
Kd8 16. Nf1 c2 17. Rc1 Bb4+ 18. Bd2 Qxc1+ 0-1

[Event "Coupe Federation"]
[Site "?"]
[Date "2001.12.16"]
[Round "3.9"]
[White "Mialon, Franck"]
[Black "Farge, Damien"]
[Result "1-0"]
[WhiteElo "1180"]
[BlackElo "1299"]
[PlyCount "27"]
[EventDate "2002.??.??"]

1. e4 e5 2. Nf3 Nc6 3. Bc4 Nf6 4. Ng5 Qe7 5. Nxf7 Rg8 6. Ng5 h6 7. Bxg8 Nxg8 8.
Qh5+ Kd8 9. Nf7+ Ke8 10. Nxh6+ Kd8 11. Nxg8 Qc5 12. d4 Nxd4 13. Bg5+ Be7 14.
Bxe7+ 1-0

[Event "Coupe Federation"]
[Site "?"]
[Date "2001.12.16"]
[Round "3.10"]
[White "Pinte, Damien"]
[Black "Simon, Joel"]
[Result "0-1"]
[WhiteElo "1220"]
[BlackElo "1610"]
[PlyCount "98"]
[EventDate "2002.??.??"]

1. d4 d6 2. Nf3 Nf6 3. c4 g6 4. Nc3 Bg7 5. e4 O-O 6. Be2 c5 7. O-O cxd4 8. Nxd4
Nc6 9. Nxc6 bxc6 10. Be3 c5 11. Nd5 Nxe4 12. Qc2 Nf6 13. Nxf6+ Bxf6 14. Bf3 Rb8
15. Rab1 Bf5 16. Be4 Bxe4 17. Qxe4 Rxb2 18. Rxb2 Bxb2 19. Rb1 Bf6 20. Qb7 a5
21. Bd2 a4 22. Qb5 Qa8 23. a3 Qe4 24. Re1 Qd3 25. Bh6 Bg7 26. Bxg7 Kxg7 27.
Qxa4 Qc3 28. Rd1 Rb8 29. h3 Rb2 30. Qd7 Qf6 31. Rf1 Rc2 32. a4 Rxc4 33. a5 Rc2
34. Qa4 Qb2 35. a6 Qa2 36. Qc6 Qa5 37. Rb1 Ra2 38. Rb6 Qe1+ 39. Kh2 Qxf2 40.
Qb7 Qf4+ 41. Kh1 Qf5 42. a7 Ra1+ 43. Kh2 Qf4+ 44. g3 Qf2+ 45. Qg2 Qxg2+ 46.
Kxg2 Rxa7 47. Kf3 c4 48. Rc6 d5 49. Ke3 Ra3+ 0-1